000 00556nam a2200193 a 4500
005 20240806063748.0
008 991125s1994 mx 000 0 spa u
020 _a9683909698
035 _aUPN01000045647
049 _aF
050 4 _aPS3523 O46
_bP68
100 1 _aLondon, Jack,
_d1876-1916
_929024
245 1 0 _aPor un bistec ; El chinago /
_cJack London ; tr. Carmen Criado
260 _aMéxico :
_bAlianza$bCNCA,
_c1994
300 _a63 p
440 0 _aAlianza cien. Textos completos
650 4 _aCuentos estadounidenses
_912811
905 _aLibro
999 _c45647
_d45647